Famine and the making of a property regime: Towards a rationale for british rule in kashmir, 1870s-1890s (Record no. 531353)

000 -LEADER
fixed length control field 00467nam a22001337a 4500
008 - FIXED-LENGTH DATA ELEMENTS--GENERAL INFORMATION
fixed length control field 250821b ||||| |||| 00| 0 eng d
100 ## - MAIN ENTRY--PERSONAL NAME
Personal name Ali, Fayaz
245 ## - TITLE STATEMENT
Title Famine and the making of a property regime: Towards a rationale for british rule in kashmir, 1870s-1890s
260 ## - PUBLICATION, DISTRIBUTION, ETC. (IMPRINT)
Place of publication, distribution, etc Social Scientist
300 ## - PHYSICAL DESCRIPTION
Extent 53(5-6), May-Jun, 2025: p.21-38
650 ## - SUBJECT ADDED ENTRY--TOPICAL TERM
Topical term or geographic name as entry element famine, famine relief worker, Jammu & Kashmir
9 (RLIN) 56231
942 ## - ADDED ENTRY ELEMENTS (KOHA)
Item type Articles
Holdings
Withdrawn status Lost status Source of classification or shelving scheme Damaged status Not for loan Permanent location Current location Date acquired Barcode Date last seen Koha item type
          Indian Institute of Public Administration Indian Institute of Public Administration 2025-08-21 AR137112 2025-08-21 Articles

Powered by Koha